000
00201nam a22000857a 4500
008
170203b xxu||||| |||| 00| 0 eng d
100
_9
2748
_a
Geeta
245
_a
Language of Art
260
_a
Delhi
_b
Geeta
_c
2008
999
_c
5932
_d
5932